000 00928cam a2200181 4500
008 000000n1999 000 0 eng u
035 _a(Sirsi) u109845
245 _aShariff v SoS Environment Transport and the Regions and another
260 _c1999
490 _aProperty, Planning and Compensation Reports
_v[2000] 79 P&CR 382-388(7)
520 _aQBD 23 September 1999. Town and country planning. Planning appeal to retain various buildings dismissed because of adverse effect on residential amenity of adjacent building. New evidence in High Court that enforcement notice exists to prevent residential use of affected building. Whether further evidence can be admitted. (Taken from headnote)
650 _aSSHARIFF V SOS ENVIRONMENT TRANSPORT AND ANOTHER
650 _aPLANNING PERMISSION
650 _aADVERSE EFFECT
650 _aRESIDENTIAL AMENITY
690 _aPlanning and development
_96259
942 _n0
999 _c65541
_d65541